Statistics for Pittsburgh Neighborhoods - Map Quiz

Click here to take the quiz!

General Stats

  • This quiz has been taken 29 times
  • The average score is 35 of 90

Answers on the Map

Answers color-coded by a green-red scale on the quiz's map according to % correct below.
 

Answer Stats

Answer% Correct
Squirrel Hill North
67%
Mount Washington
60%
Southside Slopes
60%
Strip District
60%
Central Business District
53%
Homewood South
53%
Lower Lawrenceville
53%
South Shore
53%
Southside Flats
53%
Troy Hill
53%
Upper Lawrenceville
53%
West Oakland
53%
Allentown
47%
Bloomfield
47%
Bluff
47%
Central Oakland
47%
Hays
47%
Hazelwood
47%
Homewood North
47%
Homewood West
47%
Lincoln-Lemington-Belmar
47%
Manchester
47%
Mount Oliver
47%
New Homestead
47%
North Oakland
47%
North Shore
47%
Point Breeze
47%
Regent Square
47%
Squirrel Hill South
47%
Allegheny Center
40%
Arlington
40%
Banksville
40%
Beechview
40%
Central Lawrenceville
40%
Chateau
40%
Crawford Roberts
40%
East Hills
40%
East Liberty
40%
Garfield
40%
Highland Park
40%
Larimer
40%
Middle Hill
40%
Morningside
40%
Perry North
40%
Perry South
40%
Point Breeze North
40%
Polish Hill
40%
Shadyside
40%
Swisshelm Park
40%
Allegheny West
33%
Arlington Heights
33%
Bedford Dwellings
33%
Brighton Heights
33%
Brookline
33%
Carrick
33%
Duquesne Heights
33%
East Allegheny
33%
East Carnegie
33%
Fineview
33%
Friendship
33%
Glen Hazel
33%
Greenfield
33%
Knoxville
33%
Lincoln Place
33%
Marshall-Shadeland
33%
Spring Hill-City View
33%
Stanton Heights
33%
Upper Hill
33%
Beltzhoover
27%
Bon Air
27%
California Kirkbride
27%
Chartiers City
27%
Crafton Heights
27%
Elliott
27%
Esplen
27%
Fairywood
27%
Northview Heights
27%
Oakwood
27%
Overbrook
27%
Ridgemont
27%
Saint Clair
27%
South Oakland
27%
Summer Hill
27%
Terrace Village
27%
West End
27%
Westwood
27%
Windgap
27%
Central Northside
20%
Sheraden
20%
Spring Garden
20%

Score Distribution

Percentile by Number Answered

Percent of People with Each Score

Your Score History

You have not taken this quiz